नागालैंड;लोकजीवन और संस्कृति/ (Record no. 201271)

MARC details
000 -LEADER
fixed length control field 00687nam a22001817a 4500
005 - DATE AND TIME OF LATEST TRANSACTION
control field 20240307111350.0
010 ## - LCCN (DPL NO)
LC control number HIN-127032
020 ## - INTERNATIONAL STANDARD BOOK NUMBER
International Standard Book Number 9788183249836
Terms of availability 750.00
035 ## - SYSTEM CONTROL NUMBER
System control number HN-99378
037 ## - SOURCE OF ACQUISITION
Source of stock number/acquisition DBAD/PUB
082 ## - DEWEY DECIMAL CLASSIFICATION NUMBER
Classification number 398.2095457
100 ## - MAIN ENTRY--PERSONAL NAME
Personal name परमार,वीरेंद्र
245 ## - TITLE STATEMENT
Title नागालैंड;लोकजीवन और संस्कृति/
Statement of responsibility, etc वीरेंद्र परमार
260 ## - PUBLICATION, DISTRIBUTION, ETC. (IMPRINT)
Place of publication, distribution, etc New Delhi
Name of publisher, distributor, etc Mittal Pblication
Date of publication, distribution, etc 2021
270 ## - ADDRESS
Address 4594/9 daryaganj
City New Delhi
Postal code 110002
300 ## - PHYSICAL DESCRIPTION
Extent 192पृष्ठ;
Dimensions 23 सेमी(सजिल्द)
942 ## - ADDED ENTRY ELEMENTS (KOHA)
Source of classification or shelving scheme Dewey Decimal Classification
Item type Hindi Books
Classification part 398.2095457
Call number suffix परमार
Holdings
Withdrawn status Lost status Not for loan Collection code Home library Current library Date acquired Source of acquisition Cost, normal purchase price Full call number Barcode Copy number Cost, replacement price Koha item type
      Non-fiction Tri Nagar Tri Nagar 07/03/2024 DBAD/PUB 750.00 398.2095457 परमा HN-99378 1 750.00 Hindi Books

© Delhi Public Library
Hit Counter
free hit counter